| 000 | 00804cab a2200241 4500 | ||
|---|---|---|---|
| 001 | WB3308-30 | ||
| 008 | 090401t1997 xxu||||| |||| 00| 0 eng d | ||
| 035 | _a(Sirsi) u55608 | ||
| 041 | _aeng | ||
| 245 | _aNew panel to develop IT policy | ||
| 260 | _c1997 | ||
| 350 | _a0 | ||
| 490 |
_aCSM (Chartered Surveyor Monthly) _v6(5) February 1997, 8(1) |
||
| 520 | _aA new RICS panel has been set up to improve access to government information, allowing informed decision-making and promoting a simpler property market. | ||
| 650 | _aACCESS TO INFORMATION | ||
| 650 | _aDOMESDAY 2000 | ||
| 650 | _aPROPERTY MARKET | ||
| 650 | _aRICS INFORMATION MANAGEMENT POLICY PANEL | ||
| 650 | _aRICS | ||
| 690 | _aMANAGEMENT-BUSINESS MANAGEMENT-INFORMATION MANAGEMENT | ||
| 942 | _n0 | ||
| 948 | _c04/03/1997 | ||
| 999 |
_c33986 _d33986 |
||